[Event "Mercredi 2023.02.22 ABCD"]
[Site "Montreal CAN"]
[Date "2023.02.22"]
[Round "1"]
[White "Batorshyn, Ilia"]
[Black "Adam, Rafael"]
[Result "1/2-1/2"]
[WhiteElo "2161"]
[BlackElo "2189"]
[PlyCount "215"]
[EventDate "2023.02.22"]
[EventType "tourn"]
[EventRounds "5"]
[EventCountry "CAN"]

1. Nf3 Nf6 2. c4 e6 3. Nc3 d5 4. d4 Be7 5. Bg5 O-O 6. e3 Nbd7 7. Qc2 c6 8. cxd5
exd5 9. Bd3 Re8 10. O-O h6 11. Bf4 Nf8 12. h3 Bd6 13. Bxd6 Qxd6 14. Rab1 a5 15.
a3 b5 16. Ne2 N8d7 17. Rfc1 Bb7 18. a4 b4 19. Nd2 Ba6 20. Bxa6 Rxa6 21. Ng3 g6
22. Qd3 Raa8 23. Qc2 Re6 24. Nb3 h5 25. Ne2 Ne4 26. Nf4 Rf6 27. Nd2 Nxd2 28.
Qxd2 h4 29. Qe2 Kg7 30. Rc2 Rh8 31. Rbc1 Nb8 32. Rc5 Qd8 33. Nd3 Rd6 34. Ne5
Qb6 35. Qc2 Rc8 36. e4 Rcd8 37. Qe2 Re6 38. exd5 Rxd5 39. Rxd5 cxd5 40. Qg4 Nc6
41. Nf3 Re4 42. Qd7 Nxd4 43. Qxd5 Nxf3+ 44. gxf3 Re2 45. Rf1 Rxb2 46. Qe5+ Qf6
47. Qxa5 Qxf3 48. Qe5+ Qf6 49. Qxf6+ Kxf6 50. a5 b3 51. a6 Ra2 52. Rb1 b2 53.
Kg2 Kg5 54. a7 f5 55. Rxb2 Rxa7 56. Rb8 Ra6 57. Rh8 Ra4 58. Kf3 Kf6 59. Rf8+
Kg7 60. Rc8 Re4 61. Rb8 g5 62. Rb6 Kf7 63. Rh6 Re6 64. Rh5 Kf6 65. Rh8 Re7 66.
Rh6+ Kg7 67. Rc6 Ra7 68. Rb6 Ra3+ 69. Kg2 Rd3 70. Ra6 Rd4 71. Rb6 g4 72. Re6
Rf4 73. Re3 Kg6 74. Rc3 Kg5 75. Rb3 gxh3+ 76. Rxh3 Kg4 77. Rb3 Ra4 78. Rc3 Ra2
79. Rc4+ f4 80. Rc3 Ra5 81. f3+ Kg5 82. Rb3 Re5 83. Rb2 Kf5 84. Ra2 Rd5 85. Rb2
Rc5 86. Ra2 Ke5 87. Re2+ Kd5 88. Kh3 Rc6 89. Kxh4 Rf6 90. Kg5 Rf8 91. Re4 Kd6
92. Rxf4 Rg8+ 93. Kf5 Rf8+ 94. Ke4 Re8+ 95. Kd4 Ra8 96. Rf6+ Ke7 97. Rb6 Kf7
98. f4 Re8 99. Rb5 Kf6 100. Re5 Rxe5 101. fxe5+ Ke6 102. Ke4 Ke7 103. Kd5 Kd7
104. e6+ Ke7 105. Ke5 Ke8 106. Kd6 Kd8 107. e7+ Ke8 108. Ke6 1/2-1/2

[Event "Mercredi 2023.02.22 ABCD"]
[Site "Montreal CAN"]
[Date "2023.02.22"]
[Round "1"]
[White "Beaulieu, Pierre"]
[Black "Bain-Thouvarez, Aurelien"]
[Result "1-0"]
[WhiteElo "1822"]
[BlackElo "1783"]
[PlyCount "31"]
[EventDate "2023.02.22"]
[EventType "tourn"]
[EventRounds "5"]
[EventCountry "CAN"]

1. g3 e5 2. Bg2 d5 3. c4 c6 4. cxd5 cxd5 5. Qb3 Nf6 6. Nc3 e4 7. d3 Bc5 8. dxe4
dxe4 9. Nxe4 Nxe4 10. Qa4+ Nc6 11. Bxe4 Bb4+ 12. Kf1 Qb6 13. Kg2 O-O 14. Nf3
Bc5 15. e3 Nb4 16. a3 1-0

[Event "Mercredi 2023.02.22 ABCD"]
[Site "Montreal CAN"]
[Date "2023.02.22"]
[Round "1"]
[White "Boileau, Dominic"]
[Black "Baran, Marius"]
[Result "0-1"]
[WhiteElo "1760"]
[BlackElo "1758"]
[PlyCount "82"]
[EventDate "2023.02.22"]
[EventType "tourn"]
[EventRounds "5"]
[EventCountry "CAN"]

1. e4 d5 2. exd5 Nf6 3. d4 Nxd5 4. Nf3 Bg4 5. h3 Bh5 6. Be2 e6 7. O-O Nc6 8. c4
Nb6 9. Nc3 Be7 10. g4 Bg6 11. d5 exd5 12. cxd5 Nb4 13. Bb5+ Kf8 14. Bf4 N6xd5
15. Nxd5 Nxd5 16. Bg3 c6 17. Bc4 Nb6 18. Bb3 Be4 19. Qe2 Bd3 20. Qe5 Bxf1 21.
Rxf1 Bf6 22. Qc5+ Be7 23. Qh5 Nd5 24. g5 Kg8 25. Ne5 Qe8 26. Qg4 h5 27. Qe4
Bxg5 28. Kh1 Rh6 29. Rg1 Re6 30. Qf5 Bf6 31. Nf3 g6 32. Bh2 Kh7 33. Ng5+ Bxg5
34. Qxg5 Qe7 35. Qg3 Rg8 36. Bc2 Qf6 37. Rg2 Re1+ 38. Bg1 Nf4 39. Qf3 Re6 40.
Rg3 Ne2 41. Qxh5+ Kg7 0-1

[Event "Mercredi 2023.02.22 ABCD"]
[Site "Montreal CAN"]
[Date "2023.02.22"]
[Round "1"]
[White "Chapdelaine, Gwyn"]
[Black "Gadbois, Patrick"]
[Result "1-0"]
[WhiteElo "1966"]
[BlackElo "1937"]
[PlyCount "51"]
[EventDate "2023.02.22"]
[EventType "tourn"]
[EventRounds "5"]
[EventCountry "CAN"]

1. d4 e6 2. e4 d5 3. e5 c5 4. c3 Nc6 5. Nf3 Qb6 6. Bd3 cxd4 7. cxd4 Bd7 8. Bc2
Nb4 9. Ba4 Qa6 10. Bc2 Rc8 11. Nc3 Ne7 12. Be3 Nxc2+ 13. Qxc2 Nc6 14. Qe2 Qxe2+
15. Kxe2 Na5 16. Rac1 Nc4 17. Rc2 Bb4 18. Rhc1 O-O 19. Nd2 b5 20. Ncb1 Be7 21.
b3 Na3 22. Rc7 Nxb1 23. Nxb1 Rfd8 24. Rxd7 Rxd7 25. Rxc8+ Bf8 26. Bd2 1-0

[Event "Mercredi 2023.02.22 ABCD"]
[Site "Montreal CAN"]
[Date "2023.02.22"]
[Round "1"]
[White "Di Matteo, Alessio"]
[Black "Sekki, Abderaouf"]
[Result "1-0"]
[WhiteElo "1977"]
[BlackElo "1952"]
[PlyCount "99"]
[EventDate "2023.02.22"]
[EventType "tourn"]
[EventRounds "5"]
[EventCountry "CAN"]

1. d4 f5 2. c4 Nf6 3. g3 e6 4. Bg2 Be7 5. Nh3 O-O 6. Nc3 d6 7. O-O e5 8. e3 a5
9. b3 Nc6 10. a3 h6 11. Bb2 g5 12. f3 g4 13. Nf2 gxf3 14. Bxf3 e4 15. Bg2 Qe8
16. Ne2 Kh7 17. Nf4 Rg8 18. Rc1 Bd7 19. Nd5 Bd8 20. Nxf6+ Bxf6 21. Qe2 Qe7 22.
Nh3 Raf8 23. Nf4 Qe8 24. Rf2 Ne7 25. Rcf1 Ng6 26. Nd5 Bd8 27. Bh3 c6 28. Nf4
Nh4 29. Kh1 Nf3 30. Bg2 Ng5 31. d5 c5 32. Nh5 Nf7 33. Bh3 Ne5 34. Bxf5+ Bxf5
35. Rxf5 Rxf5 36. Rxf5 Nf3 37. Qc2 Ng5 38. Nf6+ Bxf6 39. Rxf6 Rf8 40. Rf4 Rxf4
41. gxf4 Nf3 42. Qg2 Qg6 43. Bc3 Qxg2+ 44. Kxg2 b6 45. Bf6 Nd2 46. Be7 Nxb3 47.
Bxd6 Kg6 48. Bc7 Nd2 49. d6 Kf7 50. d7 1-0

[Event "Mercredi 2023.02.22 ABCD"]
[Site "Montreal CAN"]
[Date "2023.02.22"]
[Round "1"]
[White "Genzling, Jerome"]
[Black "Cardin, Guillaume"]
[Result "1-0"]
[WhiteElo "2052"]
[BlackElo "2107"]
[PlyCount "83"]
[EventDate "2023.02.22"]
[EventType "tourn"]
[EventRounds "5"]
[EventCountry "CAN"]

1. e4 e5 2. Nf3 Nc6 3. d4 exd4 4. Bc4 Bc5 5. c3 Nf6 6. e5 d5 7. Bb5 Ne4 8. cxd4
Bb6 9. Be3 Bg4 10. h3 Bh5 11. Nc3 O-O 12. Bxc6 bxc6 13. O-O f6 14. g4 Bg6 15.
exf6 Qxf6 16. Ne5 Qh4 17. Kg2 Ng5 18. Bxg5 Qxg5 19. Na4 h5 20. f3 h4 21. Nxb6
axb6 22. Qc1 Qf6 23. Qe1 Rfe8 24. Qf2 Ra5 25. b4 Ra4 26. Rfc1 Re6 27. a3 Be8
28. f4 c5 29. bxc5 bxc5 30. Rxc5 Rea6 31. Rxc7 Rxa3 32. Rxa3 Rxa3 33. Rc8 Rg3+
34. Kh2 Qe7 35. Qc2 g6 36. Qxg6+ Kf8 37. Qh5 Rxh3+ 38. Kxh3 Qa3+ 39. Kxh4 Qe7+
40. g5 Kg7 41. Rxe8 Qxe5 42. Rxe5 1-0

[Event "Mercredi 2023.02.22 ABCD"]
[Site "Montreal CAN"]
[Date "2023.02.22"]
[Round "1"]
[White "Kozlov, Guennadi"]
[Black "Giard, Antoine"]
[Result "1-0"]
[WhiteElo "1691"]
[BlackElo "1712"]
[PlyCount "161"]
[EventDate "2023.02.22"]
[EventType "tourn"]
[EventRounds "5"]
[EventCountry "CAN"]

1. c4 Nf6 2. g3 g6 3. Bg2 Bg7 4. Nc3 O-O 5. Nf3 d6 6. O-O e5 7. d3 Nc6 8. a3 a5
9. Rb1 Bg4 10. b4 axb4 11. axb4 Qc8 12. Be3 Bh3 13. Qd2 Bxg2 14. Kxg2 Ng4 15.
Nd5 Nxe3+ 16. Qxe3 Qd7 17. Qd2 Ne7 18. Nc3 f5 19. e4 c6 20. Ra1 f4 21. Ng1 g5
22. f3 h5 23. h3 fxg3 24. Qxg5 Ng6 25. Qxg6 h4 26. Qg5 b5 27. Ra5 Rxa5 28. bxa5
bxc4 29. dxc4 Qa7 30. Nge2 Qxa5 31. Qxh4 Qc5 32. Qxg3 Qxc4 33. Ra1 Qf7 34. Qg4
d5 35. Ng3 d4 36. Nd1 Qb3 37. Ra7 Rf7 38. Rxf7 Kxf7 39. Qd7+ Kg8 40. Nf5 Bf8
41. Nf2 c5 42. Qc6 d3 43. Qg6+ Kh8 44. Qf6+ Kg8 45. Qxe5 d2 46. Qd5+ Qxd5 47.
exd5 c4 48. d6 Bxd6 49. Nd1 Bb4 50. Kf1 c3 51. Nd4 Kf7 52. Ke2 Bc5 53. Nc2 Kg6
54. Nxc3 Kh5 55. Ne4 Bb6 56. Nxd2 Kh4 57. Ne4 Kxh3 58. Ne3 Bc7 59. Kd3 Kh4 60.
Kc4 Kh5 61. Kd5 Kg6 62. Ke6 Bb8 63. Nc4 Bf4 64. Ne5+ Kh7 65. Kf6 Kg8 66. Ng6
Bc1 67. Nd6 Bb2+ 68. Kf5 Kg7 69. Ne5 Ba3 70. Ndc4 Bc1 71. Ke4 Kf6 72. Ng4+ Ke6
73. Nce3 Bb2 74. f4 Bc3 75. f5+ Kf7 76. Ne5+ Kf8 77. Kd5 Bd2 78. N3g4 Bg5 79.
Ke6 Ke8 80. Nf3 Bd8 81. Nge5 1-0

[Event "Mercredi 2023.02.22 ABCD"]
[Site "Montreal CAN"]
[Date "2023.02.22"]
[Round "1"]
[White "Landry, Sylvain"]
[Black "Deboosere, Adam"]
[Result "1-0"]
[WhiteElo "1903"]
[BlackElo "1906"]
[PlyCount "117"]
[EventDate "2023.02.22"]
[EventType "tourn"]
[EventRounds "5"]
[EventCountry "CAN"]

1. d4 Nf6 2. c4 c5 3. Nf3 e6 4. g3 cxd4 5. Nxd4 Nc6 6. Nc3 Bc5 7. Nb3 Bb4 8.
Bg2 d5 9. O-O dxc4 10. Nd2 Nd5 11. Nxd5 exd5 12. e4 Bxd2 13. Bxd2 d4 14. Qa4
Be6 15. f4 f6 16. f5 Bf7 17. e5 Bd5 18. exf6 gxf6 19. Rae1+ Kf7 20. Qb5 Bxg2
21. Kxg2 Ne5 22. Rxe5 fxe5 23. Qxc4+ Ke8 24. f6 Qd6 25. Bb4 Qc6+ 26. Qxc6+ bxc6
27. f7+ Kd7 28. f8=Q Rhxf8 29. Rxf8 Rxf8 30. Bxf8 Ke6 31. Kf3 Kd5 32. Bh6 c5
33. b3 e4+ 34. Ke2 c4 35. bxc4+ Kxc4 36. g4 Kd5 37. Bg7 a6 38. h4 d3+ 39. Kd2
Ke6 40. Bc3 Kd5 41. g5 Ke6 42. Ke3 Kf5 43. Bd2 Ke5 44. Ba5 Kf5 45. Bc7 Kg4 46.
Bd8 Kf5 47. Bf6 h6 48. Bc3 hxg5 49. hxg5 Kxg5 50. Kxe4 Kg4 51. a4 Kg5 52. a5 d2
53. Bxd2+ Kf6 54. Kd5 Ke7 55. Kc6 Kd8 56. Kb7 Kd7 57. Bf4 Kd8 58. Kxa6 Kc8 59.
Ka7 1-0

[Event "Mercredi 2023.02.22 ABCD"]
[Site "Montreal CAN"]
[Date "2023.03.01"]
[Round "2"]
[White "Baran, Marius"]
[Black "Giard, Antoine"]
[Result "1-0"]
[WhiteElo "1758"]
[BlackElo "1712"]
[PlyCount "81"]
[EventDate "2023.02.22"]
[EventType "tourn"]
[EventRounds "5"]
[EventCountry "CAN"]

1. d4 Nf6 2. Nf3 g6 3. c4 Bg7 4. Nc3 O-O 5. Bg5 d6 6. e3 Nbd7 7. Be2 e5 8. O-O
h6 9. Bh4 g5 10. Bg3 Nh5 11. dxe5 Nxg3 12. hxg3 dxe5 13. Qc2 f5 14. Rad1 c6 15.
a3 Qe8 16. b4 Nf6 17. c5 Ng4 18. Nd2 Qh5 19. Bxg4 Qxg4 20. Qb3+ Kh8 21. Rfe1 h5
22. Ne2 h4 23. Qc4 Qh5 24. gxh4 gxh4 25. Nf3 e4 26. Nf4 Qg4 27. Rd6 Bf6 28. Ne5
Bxe5 29. Rg6 Rg8 30. Rxg4 fxg4 31. Qf7 Bxf4 32. Qxf4 Kh7 33. Qxe4+ Rg6 34. Qe7+
Kg8 35. Qd8+ Kg7 36. Rd1 Be6 37. Qxa8 h3 38. Qxb7+ Kh6 39. Qxc6 g3 40. fxg3
hxg2 41. Rd6 1-0

[Event "Mercredi 2023.02.22 ABCD"]
[Site "Montreal CAN"]
[Date "2023.03.01"]
[Round "2"]
[White "Batorshyn, Ilia"]
[Black "Genzling, Jerome"]
[Result "1-0"]
[WhiteElo "2161"]
[BlackElo "2052"]
[PlyCount "87"]
[EventDate "2023.02.22"]
[EventType "tourn"]
[EventRounds "5"]
[EventCountry "CAN"]

1. e4 c5 2. Nf3 Nc6 3. Bb5 g6 4. Bxc6 dxc6 5. d3 Bg7 6. h3 Nf6 7. Nc3 O-O 8.
Be3 b6 9. Qd2 Re8 10. Bh6 Bh8 11. O-O e5 12. a4 a5 13. Nh2 Be6 14. b3 Ra7 15.
Rae1 Rd7 16. Nf3 Qc7 17. Ng5 Nh5 18. Nxe6 Rxe6 19. Ne2 Re8 20. g3 b5 21. axb5
cxb5 22. Nc3 Qc6 23. Nd5 Ra8 24. Ra1 a4 25. bxa4 bxa4 26. Rfb1 Rb7 27. Rb6 Qd7
28. Qc3 Re8 29. Rxb7 Qxb7 30. Qxc5 Bg7 31. Bxg7 Kxg7 32. Rxa4 Qd7 33. Ra7 Qxh3
34. Nc7 Rb8 35. Qxe5+ Kh6 36. Ra1 f6 37. Qe6 f5 38. exf5 Nf4 39. gxf4 Qg4+ 40.
Kf1 Rb2 41. fxg6 Qh4 42. g7+ Kxg7 43. Qe5+ Qf6 44. Ne8+ 1-0

[Event "Mercredi 2023.02.22 ABCD"]
[Site "Montreal CAN"]
[Date "2023.03.01"]
[Round "2"]
[White "Boileau, Dominic"]
[Black "Allaire, Denis"]
[Result "1-0"]
[WhiteElo "1760"]
[BlackElo "1681"]
[PlyCount "117"]
[EventDate "2023.02.22"]
[EventType "tourn"]
[EventRounds "5"]
[EventCountry "CAN"]

1. e4 e5 2. Nc3 Nf6 3. f4 d5 4. fxe5 Nxe4 5. Qf3 Nc6 6. Bb5 Nxc3 7. dxc3 Qh4+
8. g3 Qe4+ 9. Qxe4 dxe4 10. Bxc6+ bxc6 11. Be3 Be6 12. Ne2 Bg4 13. h3 Bf3 14.
Rh2 c5 15. O-O-O Rd8 16. Rxd8+ Kxd8 17. Nf4 Be7 18. Rd2+ Kc8 19. Nd5 Re8 20. h4
Bf8 21. Bf4 Rd8 22. e6 e3 23. Nxe3 Rxd2 24. Kxd2 fxe6 25. Nc4 Bd5 26. Kd3 Bxc4+
27. Kxc4 Kb7 28. Be5 h5 29. Kd3 Bd6 30. Bxg7 Bxg3 31. Bf6 Kc6 32. c4 Kd6 33.
Ke4 a6 34. Bg5 Kd7 35. Bf6 Bd6 36. b3 Ke8 37. Be5 Kf7 38. c3 Be7 39. Bg3 Kg6
40. Be1 Bf6 41. b4 c6 42. a4 Kf7 43. b5 cxb5 44. cxb5 axb5 45. axb5 Ke8 46. c4
Kd7 47. Kf3 Bd8 48. Bg3 Bf6 49. Bf2 Kd6 50. Kg3 Be5+ 51. Kh3 Bd4 52. Bg3+ e5
53. Kg2 Ke6 54. Kf3 Bc3 55. Ke4 Bd4 56. b6 Kd7 57. Kd5 e4 58. b7 e3 59. b8=Q
1-0

[Event "Mercredi 2023.02.22 ABCD"]
[Site "Montreal CAN"]
[Date "2023.03.01"]
[Round "2"]
[White "Cardin, Guillaume"]
[Black "Latorre, Vincent"]
[Result "0-1"]
[WhiteElo "2107"]
[BlackElo "2274"]
[PlyCount "122"]
[EventDate "2023.02.22"]
[EventType "tourn"]
[EventRounds "5"]
[EventCountry "CAN"]

1. d4 Nf6 2. c4 e6 3. Nf3 Bb4+ 4. Bd2 c5 5. Bxb4 cxb4 6. a3 bxa3 7. Rxa3 O-O 8.
Nc3 d6 9. e4 Nc6 10. Be2 e5 11. h3 Re8 12. d5 Nb4 13. O-O a5 14. Ne1 Nd7 15.
Nd3 Nxd3 16. Bxd3 Nc5 17. b4 Nxd3 18. Qxd3 Ra6 19. bxa5 Rxa5 20. Nb5 Ra6 21.
Rfa1 Qe7 22. Qc3 h6 23. R1a2 Kh7 24. Kh2 Rd8 25. Qe3 f5 26. Rxa6 bxa6 27. Na7
f4 28. Qb6 f3 29. Nxc8 Qg5 30. g3 Qc1 31. Qe3 Qxc4 32. Qxf3 Rxc8 33. Qf5+ Kh8
34. Rb2 Qc7 35. g4 Rb8 36. Rxb8+ Qxb8 37. h4 Qe8 38. Kh3 Kg8 39. Kg3 a5 40. Qf3
Qf7 41. Qc3 Qf4+ 42. Kh3 Qxe4 43. Qxa5 Qf3+ 44. Kh2 Qxf2+ 45. Kh3 Qf3+ 46. Kh2
Qf4+ 47. Kh3 e4 48. Qd8+ Kh7 49. h5 Qe5 50. Qd7 e3 51. g5 Qxg5 52. Qe8 Qf5+ 53.
Kg2 Qxd5+ 54. Kh3 Qe5 55. Qg6+ Kh8 56. Qg4 d5 57. Qc8+ Kh7 58. Qc2+ Qe4 59. Qc6
e2 60. Qd7 e1=Q 61. Qxg7+ Kxg7 0-1

[Event "Mercredi 2023.02.22 ABCD"]
[Site "Montreal CAN"]
[Date "2023.03.01"]
[Round "2"]
[White "Chapdelaine, Gwyn"]
[Black "Rauch, Frank"]
[Result "1/2-1/2"]
[WhiteElo "1966"]
[BlackElo "1939"]
[PlyCount "29"]
[EventDate "2023.02.22"]
[EventType "tourn"]
[EventRounds "5"]
[EventCountry "CAN"]

1. d4 Nf6 2. Bg5 d5 3. Bxf6 exf6 4. e3 Bd6 5. g3 Bf5 6. Bg2 c6 7. Ne2 Qd7 8.
Nd2 Na6 9. c4 Nb4 10. O-O Bc2 11. Qc1 Bd3 12. Bf3 Nc2 13. Rb1 Nb4 14. Ra1 Nc2
15. Rb1 1/2-1/2

[Event "Mercredi 2023.02.22 ABCD"]
[Site "Montreal CAN"]
[Date "2023.03.01"]
[Round "2"]
[White "Chasles, Jean-Benoit"]
[Black "Kozlov, Guennadi"]
[Result "1-0"]
[WhiteElo "1723"]
[BlackElo "1691"]
[PlyCount "47"]
[EventDate "2023.02.22"]
[EventType "tourn"]
[EventRounds "5"]
[EventCountry "CAN"]

1. e4 e6 2. d4 d5 3. Nc3 Bb4 4. e5 c5 5. a3 Bxc3+ 6. bxc3 Qc7 7. Qg4 Kf8 8. Bd2
Nc6 9. Bb5 Nge7 10. Bxc6 Nxc6 11. Ne2 Na5 12. O-O Nc4 13. Bc1 h5 14. Qh4 Rh7
15. g4 g6 16. Kh1 Kg8 17. Rg1 hxg4 18. Qf6 Bd7 19. Bg5 Be8 20. Rxg4 Rc8 21. Rh4
Rxh4 22. Bxh4 Nd2 23. Ng3 cxd4 24. Nh5 1-0

[Event "Mercredi 2023.02.22 ABCD"]
[Site "Montreal CAN"]
[Date "2023.03.01"]
[Round "2"]
[White "Deboosere, Adam"]
[Black "Bain-Thouvarez, Aurelien"]
[Result "1/2-1/2"]
[WhiteElo "1906"]
[BlackElo "1783"]
[PlyCount "127"]
[EventDate "2023.02.22"]
[EventType "tourn"]
[EventRounds "5"]
[EventCountry "CAN"]

1. d4 d5 2. Nf3 Nf6 3. e3 c5 4. Bd3 cxd4 5. exd4 Bg4 6. c3 Nc6 7. h3 Bh5 8. O-O
e6 9. Bf4 Bd6 10. Bxd6 Qxd6 11. Nbd2 O-O 12. Re1 Rfb8 13. Re5 Bg6 14. Bxg6 hxg6
15. Re3 a5 16. Ne5 b5 17. Rc1 a4 18. a3 Na5 19. Nd3 Nc4 20. Re2 Nh5 21. g3 Nxg3
22. Re5 Nxd2 23. fxg3 Ne4 24. Qg4 Re8 25. Nf2 Rac8 26. Nxe4 dxe4 27. Rxb5 Rb8
28. Rb4 Rxb4 29. axb4 Qd5 30. Re1 Qb3 31. Qxe4 Qxb2 32. Qc6 Rd8 33. Qxa4 Qxc3
34. Qa1 Qxg3+ 35. Kf1 Qxh3+ 36. Ke2 Qg4+ 37. Ke3 Qg3+ 38. Ke2 Qd6 39. Rb1 Qxd4
40. Qxd4 Rxd4 41. b5 Rd7 42. b6 Rb7 43. Kd3 Kf8 44. Kc4 Ke8 45. Kb5 Kd7 46. Rc1
g5 47. Ka6 Rxb6+ 48. Kxb6 Kd6 49. Rc7 f5 50. Rxg7 g4 51. Kb5 Kd5 52. Kb4 Kd4
53. Kb3 e5 54. Kc2 Ke3 55. Rg5 Kf4 56. Rg8 e4 57. Kd2 Kf3 58. Ke1 f4 59. Ra8 e3
60. Ra2 Ke4 61. Ra4+ Kf3 62. Ra2 Ke4 63. Ra4+ Kf3 64. Ra2 1/2-1/2

[Event "Mercredi 2023.02.22 ABCD"]
[Site "Montreal CAN"]
[Date "2023.03.01"]
[Round "2"]
[White "Gadbois, Patrick"]
[Black "Sekki, Abderaouf"]
[Result "0-1"]
[WhiteElo "1937"]
[BlackElo "1952"]
[PlyCount "88"]
[EventDate "2023.02.22"]
[EventType "tourn"]
[EventRounds "5"]
[EventCountry "CAN"]

1. d4 f5 2. e3 Nf6 3. f4 b6 4. Nf3 Bb7 5. Bd3 e6 6. O-O Be7 7. c4 O-O 8. Nc3
Ne4 9. Qc2 d5 10. cxd5 exd5 11. Ne5 Nd7 12. Bxe4 fxe4 13. Bd2 c5 14. Qb3 Nf6
15. dxc5 Bxc5 16. Na4 Bd6 17. Bb4 Bxb4 18. Qxb4 Nd7 19. Nxd7 Qxd7 20. Qd4 Qg4
21. Nc3 Rad8 22. Rac1 Ba6 23. Rf2 Bd3 24. h3 Qh5 25. Nb1 Rc8 26. Rxc8 Rxc8 27.
Nc3 Rd8 28. f5 Qf7 29. Rf4 Rd7 30. f6 g6 31. Qe5 Rd8 32. g4 b5 33. Qd4 Rd7 34.
g5 b4 35. Qxb4 Rb7 36. Qa3 Qe6 37. Kh2 d4 38. exd4 e3 39. Qa5 e2 40. Qd8+ Kf7
41. Qh8 e1=Q 42. Qxh7+ Kf8 43. Qh6+ Kf7 44. Nd5 Rxb2+ 0-1

[Event "Mercredi 2023.02.22 ABCD"]
[Site "Montreal CAN"]
[Date "2023.03.01"]
[Round "2"]
[White "Landry, Sylvain"]
[Black "Avarian, Sevag"]
[Result "1/2-1/2"]
[WhiteElo "1903"]
[BlackElo "1839"]
[PlyCount "61"]
[EventDate "2023.02.22"]
[EventType "tourn"]
[EventRounds "5"]
[EventCountry "CAN"]

1. e4 c5 2. Nf3 Nc6 3. Bb5 g6 4. O-O Bg7 5. c3 Nf6 6. Re1 O-O 7. d4 cxd4 8.
cxd4 d6 9. h3 Qb6 10. Nc3 a6 11. Ba4 e6 12. Rb1 Qc7 13. a3 b5 14. Bb3 Na5 15.
Bc2 Bb7 16. Bf4 Nd7 17. Bg3 Rac8 18. Re2 Nc4 19. Na2 Rfd8 20. a4 Qb6 21. axb5
axb5 22. Nb4 Qa5 23. Nd3 Qb6 24. Nb4 Ra8 25. Bb3 Qa5 26. Nd3 Ndb6 27. Qe1 Qxe1+
28. Rexe1 Na4 29. Bd1 Nab6 30. Bb3 Na4 31. Bd1 1/2-1/2

[Event "Mercredi 2023.02.22 ABCD"]
[Site "Montreal CAN"]
[Date "2023.03.01"]
[Round "2"]
[White "Lima-Barbosa, Raphael"]
[Black "Beaulieu, Pierre"]
[Result "1-0"]
[WhiteElo "1935"]
[BlackElo "1822"]
[PlyCount "129"]
[EventDate "2023.02.22"]
[EventType "tourn"]
[EventRounds "5"]
[EventCountry "CAN"]

1. d4 b6 2. e4 Bb7 3. Bd3 Nf6 4. Qe2 e6 5. Nf3 d5 6. e5 Ne4 7. Nbd2 Nxd2 8.
Bxd2 Be7 9. O-O c5 10. c3 Nc6 11. Be3 a6 12. b3 cxd4 13. cxd4 Nb4 14. Bb1 a5
15. Qd2 a4 16. bxa4 Rxa4 17. Rc1 Qd7 18. Qb2 Nc6 19. a3 Bd8 20. h3 Na5 21. Bc2
Rc4 22. Bd3 O-O 23. Bxc4 dxc4 24. Bd2 Nb3 25. Rxc4 Nxa1 26. Bb4 Be7 27. Bxe7
Qxe7 28. Qxa1 Bxf3 29. gxf3 h6 30. Qc1 Kh7 31. f4 Rd8 32. Qb1+ g6 33. Qxb6 Rd7
34. Qc6 Rb7 35. a4 g5 36. Qe4+ Kg7 37. f5 exf5 38. Qxf5 Qe6 39. Qxe6 fxe6 40.
Rc6 Kf7 41. a5 Rb4 42. Rd6 h5 43. Kg2 Rb3 44. a6 Ra3 45. Rb6 Ra4 46. Rb7+ Kg6
47. a7 Kf5 48. Re7 Ra6 49. Kf3 Ra3+ 50. Ke2 Ra6 51. Kd3 g4 52. hxg4+ Kxg4 53.
Kc4 h4 54. Kb5 Ra1 55. Kb6 h3 56. Rh7 Ra3 57. Kb7 Rb3+ 58. Kc8 Ra3 59. d5 exd5
60. e6 h2 61. Kb7 Rb3+ 62. Kc6 Rh3 63. Rxh3 Kxh3 64. a8=Q h1=Q 65. Qh8+ 1-0

[Event "Mercredi 2023.02.22 ABCD"]
[Site "Montreal CAN"]
[Date "2023.03.01"]
[Round "2"]
[White "Singher, Jean-Pierre"]
[Black "Di Matteo, Alessio"]
[Result "1-0"]
[WhiteElo "2001"]
[BlackElo "1977"]
[PlyCount "71"]
[EventDate "2023.02.22"]
[EventType "tourn"]
[EventRounds "5"]
[EventCountry "CAN"]

1. Nf3 Nf6 2. c4 g6 3. Nc3 Bg7 4. e4 c5 5. d3 Nc6 6. g3 O-O 7. Bg2 d6 8. O-O
Bg4 9. h3 Bxf3 10. Bxf3 Nd4 11. Bg2 h6 12. Be3 a5 13. Qd2 Kh7 14. b3 Nd7 15.
Rab1 Ne5 16. f4 Nec6 17. g4 e6 18. f5 g5 19. e5 Bxe5 20. Ne4 exf5 21. gxf5 f6
22. Nc3 Qd7 23. Nd5 Qf7 24. a3 Qh5 25. Qd1 Ne2+ 26. Kh1 Ng3+ 27. Kg1 Qh4 28.
Rf2 h5 29. b4 axb4 30. axb4 cxb4 31. Nxb4 Nd4 32. Nc2 Ndxf5 33. Rxb7+ Kh6 34.
d4 Nxe3 35. Qd3 Rh8 36. dxe5 1-0

[Event "Mercredi 2023.02.22 ABCD"]
[Site "Montreal CAN"]
[Date "2023.03.08"]
[Round "3"]
[White "Allaire, Denis"]
[Black "Baran, Marius"]
[Result "1-0"]
[WhiteElo "1681"]
[BlackElo "1758"]
[PlyCount "81"]
[EventDate "2023.02.22"]
[EventType "tourn"]
[EventRounds "5"]
[EventCountry "CAN"]

1. e4 c5 2. c3 g6 3. d4 cxd4 4. cxd4 d5 5. e5 Bg7 6. Nc3 a6 7. Nf3 Nc6 8. Be2
e6 9. h4 h6 10. Be3 Nge7 11. g4 Bd7 12. Qd2 Qa5 13. a3 h5 14. gxh5 Rxh5 15. Ng5
Rh8 16. h5 Nf5 17. O-O-O f6 18. exf6 Bxf6 19. hxg6 O-O-O 20. Rh7 Rhg8 21. Nf7
Rdf8 22. Bh6 Ncxd4 23. Qf4 Qc5 24. Kb1 Rxg6 25. Bxf8 Qxf8 26. Ne5 Bxe5 27. Qxe5
Nc6 28. Qh2 Rg8 29. Na4 Qd8 30. Nc5 Nfe7 31. Nxa6 Qa5 32. Rxe7 bxa6 33. Rc1 Rd8
34. Rxc6+ Kb7 35. Rc1 Qb6 36. Qh7 Qd6 37. Rc3 Kb6 38. Rg7 d4 39. Rb3+ Kc6 40.
Bf3+ Kc5 41. Qc2# 1-0

[Event "Mercredi 2023.02.22 ABCD"]
[Site "Montreal CAN"]
[Date "2023.03.08"]
[Round "3"]
[White "Avarian, Sevag"]
[Black "Deboosere, Adam"]
[Result "0-1"]
[WhiteElo "1839"]
[BlackElo "1906"]
[PlyCount "70"]
[EventDate "2023.02.22"]
[EventType "tourn"]
[EventRounds "5"]
[EventCountry "CAN"]

1. e4 c6 2. d4 d5 3. exd5 cxd5 4. Bd3 Nc6 5. c3 Nf6 6. Bf4 g6 7. Ne2 Bf5 8.
Bxf5 gxf5 9. Qb3 Qd7 10. Nd2 Rg8 11. Nf3 Ne4 12. g3 h5 13. h4 f6 14. Rd1 e6 15.
Kf1 Rc8 16. Qb5 Bd6 17. Qd3 Ne7 18. Bxd6 Qxd6 19. Nd2 Kf7 20. Qf3 Rg4 21. Nxe4
fxe4 22. Qg2 Nf5 23. Rh3 Rcg8 24. Qh2 Qa6 25. a3 e3 26. Ke1 exf2+ 27. Kxf2 Qa4
28. Rd2 e5 29. Qh1 e4 30. Qd1 Qd7 31. Rc2 Qe6 32. Nf4 e3+ 33. Ke2 Qe4 34. Qd3
Rxf4 35. gxf4 Rg2+ 0-1

[Event "Mercredi 2023.02.22 ABCD"]
[Site "Montreal CAN"]
[Date "2023.03.08"]
[Round "3"]
[White "Beaulieu, Pierre"]
[Black "Landry, Sylvain"]
[Result "1-0"]
[WhiteElo "1822"]
[BlackElo "1903"]
[PlyCount "109"]
[EventDate "2023.02.22"]
[EventType "tourn"]
[EventRounds "5"]
[EventCountry "CAN"]

1. g3 d5 2. Bg2 e5 3. d3 Nf6 4. Nd2 Bd6 5. e4 c6 6. Ngf3 O-O 7. O-O Be6 8. Qe2
Re8 9. Ng5 Bc8 10. exd5 cxd5 11. Bxd5 Nxd5 12. Qh5 Nf6 13. Qxf7+ Kh8 14. Qc4
Re7 15. Nf7+ Rxf7 16. Qxf7 Qe7 17. Qxe7 Bxe7 18. Nc4 Nc6 19. Re1 e4 20. Kg2 Nd4
21. Ne3 exd3 22. cxd3 Bd7 23. g4 Bc6+ 24. Kh3 Nf3 25. Rd1 h5 26. Nf5 hxg4+ 27.
Kg3 Bb4 28. Bf4 Bd7 29. Bd6 Bxf5 30. Bxb4 Nh5+ 31. Kg2 Nf4+ 32. Kg3 Ne2+ 33.
Kg2 Bxd3 34. h3 Ne5 35. hxg4 Nxg4 36. Kf3 Ne5+ 37. Ke3 Rd8 38. b3 Ng4+ 39. Kf3
Ne5+ 40. Ke3 Nc6 41. Rxd3 Re8+ 42. Kd2 Nxb4 43. Re3 Rxe3 44. fxe3 Ng3 45. Kc3
Nc6 46. Kd3 Nf5 47. Rf1 g6 48. e4 Ne5+ 49. Kc3 Nd6 50. Kd4 Nc6+ 51. Kd5 Nb5 52.
e5 Ne7+ 53. Ke6 Nf5 54. Kf7 Nfd4 55. Rh1# 1-0

[Event "Mercredi 2023.02.22 ABCD"]
[Site "Montreal CAN"]
[Date "2023.03.08"]
[Round "3"]
[White "Di Matteo, Alessio"]
[Black "Chapdelaine, Gwyn"]
[Result "1-0"]
[WhiteElo "1977"]
[BlackElo "1966"]
[PlyCount "61"]
[EventDate "2023.02.22"]
[EventType "tourn"]
[EventRounds "5"]
[EventCountry "CAN"]

1. d4 f5 2. c4 Nf6 3. g3 g6 4. Bg2 Bg7 5. Nc3 O-O 6. Nh3 d6 7. d5 c6 8. O-O e5
9. dxe6 Bxe6 10. Qb3 Qb6 11. Be3 Qxb3 12. axb3 Na6 13. Bxc6 bxc6 14. Rxa6 Rab8
15. Rxc6 Rxb3 16. Nf4 Bf7 17. Bd4 Rxb2 18. Nb5 Rc2 19. Nxd6 Ng4 20. Bxg7 Kxg7
21. Rc7 Kf6 22. Ra1 Ne5 23. Nxf7 Rxf7 24. Ra6+ Kg7 25. Rxf7+ Nxf7 26. c5 Ng5
27. Rxa7+ Kh6 28. f3 Rxc5 29. h4 Rc3 30. hxg5+ Kxg5 31. Rxh7 1-0